فسخ العقد

Bibliographic Details
Main Author: شامسي، عمر علي (Author)
Format: Book
Language:Arabic
Published: Qahirah : al-Markaz al-Qawmi lil-Isdarat al-Qanuniyah , 2010
Edition:الطبعة 1
Subjects:

MARC

LEADER 00000cam a2200000 7i4500
001 0000075868
005 20130107093000.0
008 110809s2010 ua ara
020 |a 9789776223263 
050 0 0 |a K840   |b .S53 2010 
090 0 0 |a K840   |b .S53 2010 
100 1 |a شامسي، عمر علي ,   |e author 
241 1 0 |a Faskh al-'aqd 
245 1 0 |a فسخ العقد   |c الدكتور عمر علي الشامسي 
250 |a الطبعة 1 
260 |a Qahirah :   |b al-Markaz al-Qawmi lil-Isdarat al-Qanuniyah ,   |c 2010 
300 |a 475 p. ;   |c 24 cm. 
504 |a Includes bibliographical references (p. 437-455) 
650 0 |a Contracts (Islamic law) 
999 |a 1000143830   |b Book   |c OPEN SHELF (30 DAYS)   |e Gong Badak Campus